| 000 | 00739cam a22002413a 4500 | ||
|---|---|---|---|
| 001 | 2394 | ||
| 003 | PGUSA | ||
| 005 | 20140828083014.0 | ||
| 008 | 001101s2000||||xxu|||||s|||||000 | eng d | ||
| 040 |
_aPGUSA _beng |
||
| 042 | _adc | ||
| 050 | 4 | _aF786 | |
| 100 | 1 |
_aJames, George Wharton, _d1858-1923 |
|
| 245 | 1 | 4 |
_aThe Grand Canyon of Arizona : _bHow to See It _h[electronic resource] / _cGeorge Wharton James |
| 260 |
_bProject Gutenberg, _c2000 |
||
| 506 | _aPublic domain in the USA. | ||
| 516 | _aElectronic text | ||
| 653 | _aGrand Canyon (Ariz.) -- Description and travel | ||
| 653 | _aArizona -- Description and travel | ||
| 830 | 0 |
_aProject Gutenberg _v2394 |
|
| 856 | 4 | 0 | _uhttp://www.gutenberg.org/ebooks/2394 |
| 942 | _cEB | ||
| 999 |
_c231731 _d231731 |
||